|
|
|
|
| LEADER |
00000nam a2200000 a 4500 |
| 001 |
vtls001260927 |
| 003 |
SK-MaSNL |
| 005 |
20260301234502.0 |
| 008 |
240314s1986 xr 0 cze |
| 035 |
|
|
|a SNK000211781
|
| 040 |
|
|
|a SNK
|b slo
|c SNK
|e AACR2
|
| 041 |
0 |
|
|a cze
|
| 044 |
|
|
|a CZ
|
| 100 |
1 |
|
|a Basařová, Gabriela
|4 aut
|9 576932
|
| 245 |
1 |
0 |
|a Sladařství a pivovarství
|b pro posl. fak. potravinářské a biochemické technologie
|c Gabriela Basařová, Jaroslav Čepička
|
| 250 |
|
|
|a 2. nezm. vyd.
|
| 260 |
|
|
|a Praha
|b Státní nakladatelství technické literatury
|c 1986
|
| 300 |
|
|
|a 256 s.
|c 4°
|
| 700 |
1 |
|
|a Čepička, Jaroslav,
|d 1940-
|4 aut
|9 12433
|
| 958 |
|
|
|a RK
|
| 958 |
|
|
|a OND
|
| 999 |
|
|
|c 970243
|d 972173
|
| 952 |
|
|
|t P60, <04>, [BOOK], {604}
|a SNK
|b SNK
|y VYP
|7 0
|p 17A0123796
|o snkIB 57209
|i snkKIP 11531/86
|0 0
|1 0
|4 0
|d 1996-07-03
|l 0
|r 2005-01-01 00:00:00
|w 2026-02-24
|
| 952 |
|
|
|t P60, <04>, [BOOK], {604}
|a SNK
|b SNK
|y VYP
|7 0
|p 17A0031477
|o snkIB 57209 D1
|i snkKIP 11532/86
|0 0
|1 1
|4 0
|d 1996-07-03
|l 0
|r 2005-01-01 00:00:00
|w 2026-02-24
|